| 000 | 00619nam a22001935i 4500 | ||
|---|---|---|---|
| 001 | 157501 | ||
| 003 | ES-MaACL | ||
| 005 | 20230906210718.0 | ||
| 008 | 040810s1868 gw |||| | eng d | ||
| 040 |
_aCAM _bspa _cCAM |
||
| 100 | 1 |
_aLemon, Mark. _9128872 |
|
| 245 | 1 | 0 |
_aGolden Fetters / _cby Mark Lemon. |
| 260 |
_aLeipzig : _bBernhard Tauchnitz, _c1868. |
||
| 300 |
_a2 v. (310; 312 p.) ; _c16 cm. |
||
| 490 | 1 |
_aCollection of british authors ; _v944; 945 |
|
| 830 | 0 |
_aCollection of british authors ; _v944; 945 _9180703 |
|
| 852 |
_aES-MaACL _jG-12626 _z-- Enc. hol. _z-- 2 t. en 1 v. |
||
| 999 |
_c157501 _d157501 |
||